[Event "Palmira op-B"]
[Site "Palmira"]
[Date "2022.12.18"]
[Round "8"]
[White "Valencia Chara, Andres Felipe"]
[Black "Azza, Johan Sebastian"]
[Result "1-0"]
[WhiteElo "1600"]
[BlackElo "1390"]
[PlyCount "81"]
[EventDate "2022.12.14"]
[EventType "swiss"]
[EventRounds "8"]
[EventCountry "COL"]
[SourceTitle "CBM 211 Extra"]
[Source "ChessBase"]
[SourceDate "2023.01.31"]
[SourceVersion "1"]
[SourceVersionDate "2023.01.31"]
[SourceQuality "1"]

1. e4 d5 2. exd5 Qxd5 3. Nc3 Qa5 4. Nf3 Nf6 5. Bc4 Bf5 6. d4 e6 7. 0-0 Be7 8. Bd2 c6 9. Nd5 Qd8 10. Nxe7 Qxe7 11. a3 Nbd7 12. Re1 Qd8 13. Bb4 Nd5 14. Bd2 Bg4 15. h3 Bxf3 16. Qxf3 0-0 17. Bd3 Qf6 18. Qe4 g6 19. c4 N5b6 20. Bh6 Rfd8 21. h4 Nf8 22. Bg5 Qxd4 23. Bxd8 Qxd8 24. h5 f5 25. Qe2 Qd4 26. h6 Rd8 27. Rad1 Qf4 28. Bc2 Rxd1 29. Rxd1 Qxh6 30. Rd8 Qc1+ 31. Kh2 Qh6+ 32. Kg1 Qc1+ 33. Bd1 Kf7 34. Rb8 Nxc4 35. Rxb7+ Kf6 36. Qc2 Qf4 37. Qc3+ Ne5 38. g3 Qe4 39. f4 c5 40. fxe5+ Kg5 41. Qd2+ 1-0

[Event "Palmira op-B"]
[Site "Palmira"]
[Date "2022.12.17"]
[Round "7"]
[White "Jacome Revelo, Daniela Alexandra"]
[Black "Azza, Johan Sebastian"]
[Result "0-1"]
[WhiteElo "1346"]
[BlackElo "1390"]
[PlyCount "116"]
[EventDate "2022.12.14"]
[EventType "swiss"]
[EventRounds "8"]
[EventCountry "COL"]
[SourceTitle "CBM 211 Extra"]
[Source "ChessBase"]
[SourceDate "2023.01.31"]
[SourceVersion "1"]
[SourceVersionDate "2023.01.31"]
[SourceQuality "1"]

1. e4 d5 2. exd5 Qxd5 3. Nc3 Qa5 4. d4 Nf6 5. Nf3 Bf5 6. Bd2 c6 7. Ne4 Qc7 8. Nxf6+ exf6 9. Bc4 Bd6 10. Qe2+ Qe7 11. Qxe7+ Bxe7 12. 0-0-0 Be6 13. Bxe6 fxe6 14. Rhe1 Kf7 15. Re2 Bd6 16. Rde1 Re8 17. c4 Nd7 18. g4 e5 19. dxe5 Bxe5 20. g5 Nc5 21. Kc2 Bc7 22. gxf6 gxf6 23. Bc3 Rxe2+ 24. Rxe2 Ne6 25. Re3 Rd8 26. Nd2 Nd4+ 27. Bxd4 Rxd4 28. Rb3 b6 29. c5 Bf4 30. Nf3 Rc4+ 31. Rc3 Rxc5 32. Rxc5 bxc5 33. Kd3 Ke6 34. Kc4 Bd6 35. h3 Kf5 36. Nd2 Kf4 37. a3 Be5 38. Kxc5 Bxb2 39. Kxc6 Bxa3 40. Kb7 Bc5 41. f3 Be3 42. Nc4 Kxf3 43. Nd6 a5 44. Nc4 a4 45. Na3 Bc1 46. Nb1 Bb2 47. Kc6 a3 48. Nxa3 Bxa3 49. Kd5 Bb2 50. h4 Kg4 51. Ke6 h5 52. Kd5 f5 53. Kc4 f4 54. Kd3 Kg3 55. Ke2 Kg2 56. Kd3 f3 57. Kc2 f2 58. Kxb2 f1Q 0-1

[Event "Palmira op-B"]
[Site "Palmira"]
[Date "2022.12.16"]
[Round "5"]
[White "Azza, Johan Sebastian"]
[Black "Leon Diaz, Omhes Samuel"]
[Result "1-0"]
[WhiteElo "1390"]
[BlackElo "1600"]
[PlyCount "69"]
[EventDate "2022.12.14"]
[EventType "swiss"]
[EventRounds "8"]
[EventCountry "COL"]
[SourceTitle "CBM 211 Extra"]
[Source "ChessBase"]
[SourceDate "2023.01.31"]
[SourceVersion "1"]
[SourceVersionDate "2023.01.31"]
[SourceQuality "1"]

1. d4 f5 2. Bf4 e6 3. e3 Nf6 4. Nf3 b6 5. Be2 Be7 6. c4 Bb7 7. h3 Ne4 8. 0-0 0-0 9. Nbd2 d6 10. Qc2 Nd7 11. Bd3 Nxd2 12. Nxd2 Rf6 13. Bh2 Rg6 14. e4 Nf6 15. f3 Qd7 16. exf5 Rg5 17. Rae1 exf5 18. Re2 Re8 19. Rfe1 Kf8 20. Bf4 Rh5 21. Nf1 g6 22. Ng3 Rh4 23. Bg5 Rxd4 24. Bxf6 Bxf6 25. Rxe8+ Kf7 26. R8e2 Bh4 27. Nxf5 gxf5 28. Bxf5 Qc6 29. Be6+ Kg7 30. Rd1 Rf4 31. Bd5 Qc5+ 32. Kh1 Ba6 33. Re4 Rxe4 34. Qxe4 Qf2 35. Qg4+ 1-0

[Event "COL Subzt 2.3.4"]
[Site "Risarald"]
[Date "2021.11.28"]
[Round "9"]
[White "Azza, Johan Sebastian"]
[Black "Rodriguez Gonzalez, Isai"]
[Result "0-1"]
[WhiteElo "1326"]
[BlackElo "1600"]
[PlyCount "128"]
[EventDate "2021.11.23"]
[EventType "swiss"]
[EventRounds "9"]
[EventCountry "COL"]
[SourceTitle "CBM 205 Extra"]
[Source "ChessBase"]
[SourceDate "2022.01.31"]
[SourceVersion "1"]
[SourceVersionDate "2022.01.31"]
[SourceQuality "1"]

1. d4 Nf6 2. Nf3 d5 3. Bf4 e6 4. e3 Bd6 5. Bg3 a6 6. Nbd2 c5 7. c3 Qc7 8. Bxd6 Qxd6 9. Bd3 Nbd7 10. 0-0 b6 11. Qe2 Bb7 12. Rfc1 c4 13. Bc2 b5 14. e4 dxe4 15. Nxe4 Nxe4 16. Bxe4 Bd5 17. Re1 Nf6 18. Bxd5 Nxd5 19. Qe5 Qxe5 20. Rxe5 0-0 21. Rc1 Nf4 22. g3 Nd3 23. Rc2 Nxe5 24. Nxe5 Rfd8 25. Nc6 Rd6 26. Na5 Ra7 27. f4 Rc7 28. Kf2 f6 29. Ke3 e5 30. Rd2 exd4+ 31. Rxd4 Re7+ 32. Kf3 Rxd4 33. cxd4 Rc7 34. d5 Kf7 35. Nc6 Ke8 36. Ke4 Kd7 37. Nb8+ Kd6 38. Nxa6 Re7+ 39. Kd4 Re2 40. b3 Rxa2 41. Nb4 cxb3 42. Kc3 Rxh2 43. Kxb3 Rh3 44. Na6 Rxg3+ 45. Kb4 Rg4 46. Kxb5 Rxf4 47. Nb4 Rxb4+ 48. Kxb4 Kxd5 49. Kc3 Ke4 50. Kd2 Kf3 51. Ke1 Kg2 52. Ke2 h5 53. Ke3 h4 54. Kf4 h3 55. Kg4 h2 56. Kf5 h1Q 57. Kg6 Qh6+ 58. Kf7 f5 59. Kg8 f4 60. Kf8 f3 61. Kf7 f2 62. Kg8 g5 63. Kf7 f1R+ 64. Kg8 Rf8# 0-1

[Event "COL Subzt 2.3.4"]
[Site "Risarald"]
[Date "2021.11.26"]
[Round "7"]
[White "Azza, Johan Sebastian"]
[Black "Dabraccio, Guillermo"]
[Result "0-1"]
[WhiteElo "1326"]
[BlackElo "1593"]
[PlyCount "60"]
[EventDate "2021.11.23"]
[EventType "swiss"]
[EventRounds "9"]
[EventCountry "COL"]
[SourceTitle "CBM 205 Extra"]
[Source "ChessBase"]
[SourceDate "2022.01.31"]
[SourceVersion "1"]
[SourceVersionDate "2022.01.31"]
[SourceQuality "1"]

1. d4 Nf6 2. Nf3 d5 3. Bf4 c5 4. e3 Nc6 5. Nbd2 Bf5 6. Be2 e6 7. c3 Qb6 8. Qc1 h6 9. 0-0 a5 10. Bd1 a4 11. Bc2 Bxc2 12. Qxc2 Be7 13. Ne5 Nxe5 14. Bxe5 0-0 15. f4 Nd7 16. f5 Nxe5 17. dxe5 exf5 18. Rxf5 Bg5 19. Re1 c4 20. Nf1 Qe6 21. e4 g6 22. exd5 Qxf5 23. Qxf5 gxf5 24. e6 fxe6 25. Rxe6 a3 26. Rb6 axb2 27. Rxb2 Rfd8 28. Rxb7 Rxd5 29. Rc7 Rxa2 30. Rxc4 Rd1 0-1

[Event "COL-ch sf"]
[Site "Santa Rosa"]
[Date "2021.08.12"]
[Round "2"]
[White "Azza, Johan Sebastian"]
[Black "Perez, Carlos Mario"]
[Result "0-1"]
[WhiteElo "1436"]
[BlackElo "1835"]
[PlyCount "82"]
[EventDate "2021.08.11"]
[EventType "swiss"]
[EventRounds "11"]
[EventCountry "COL"]
[SourceTitle "CBM 204 Extra"]
[Source "ChessBase"]
[SourceDate "2021.11.30"]
[SourceVersion "1"]
[SourceVersionDate "2021.11.30"]
[SourceQuality "1"]

1. d4 d5 2. Nf3 c5 3. Bf4 cxd4 4. Qxd4 Nc6 5. Qd1 Nf6 6. e3 Qb6 7. Qc1 g6 8. h3 Bg7 9. c3 0-0 10. Be2 Re8 11. 0-0 e5 12. Bh2 Bd7 13. Nbd2 Rac8 14. Nb3 d4 15. Re1 dxc3 16. Qxc3 Nb4 17. Bc4 Ne4 18. Qc1 Nd3 19. Qc2 Nxe1 20. Rxe1 Bf5 21. Qe2 Nd6 22. Bd3 Bxd3 23. Qxd3 e4 24. Qxd6 Qxd6 25. Bxd6 exf3 26. gxf3 Bxb2 27. Rb1 Rc2 28. Bc5 b6 29. Bd4 Bxd4 30. Nxd4 Rxa2 31. Nc6 Kg7 32. Nb4 Rd2 33. Nc6 Rd7 34. Ra1 Rc8 35. Nxa7 Ra8 36. Ra6 Raxa7 37. Rxb6 Ra2 38. Rb3 Rdd2 39. Kg2 Rxf2+ 40. Kg3 g5 41. e4 Rg2# 0-1

[Event "COL-ch sf"]
[Site "Santa Rosa"]
[Date "2021.08.12"]
[Round "3"]
[White "Azza, Johan Sebastian"]
[Black "Rios Piedrahita, Sergio Andres"]
[Result "1-0"]
[WhiteElo "1436"]
[BlackElo "1600"]
[PlyCount "103"]
[EventDate "2021.08.11"]
[EventType "swiss"]
[EventRounds "11"]
[EventCountry "COL"]
[SourceTitle "CBM 204 Extra"]
[Source "ChessBase"]
[SourceDate "2021.11.30"]
[SourceVersion "1"]
[SourceVersionDate "2021.11.30"]
[SourceQuality "1"]

1. d4 d5 2. Bf4 e6 3. Nf3 Nc6 4. e3 Bd6 5. Bg3 Bxg3 6. hxg3 f6 7. c3 Nge7 8. Nbd2 Qd6 9. Qc2 Bd7 10. Be2 0-0-0 11. 0-0-0 a6 12. Nb3 e5 13. Nc5 exd4 14. exd4 Na5 15. Rhe1 Bf5 16. Bd3 Bxd3 17. Qxd3 h6 18. Re6 Qxe6 19. Nxe6 Rd6 20. Nxg7 Nc4 21. Nd2 Na5 22. Re1 Kd7 23. Nf5 Re6 24. Rxe6 Kxe6 25. Nxe7 Kxe7 26. Qf5 c6 27. Nb3 Nxb3+ 28. axb3 Re8 29. Qh7+ Kd6 30. Kd2 Re6 31. Qxb7 c5 32. Qxa6+ Ke7 33. Qb7+ Kd6 34. Qb6+ Ke7 35. Qxc5+ Rd6 36. b4 Ke6 37. b5 Rd8 38. b6 Rb8 39. Qc7 Ra8 40. Qc6+ Ke7 41. Qxa8 Kf7 42. Qxd5+ Kg6 43. Ke3 h5 44. Kf4 f5 45. Qxf5+ Kg7 46. b7 h4 47. Qe6 hxg3 48. fxg3 Kh7 49. Qg4 Kh6 50. Kf5 Kh7 51. Kf6 Kh6 52. Qg6# 1-0

[Event "COL-chD"]
[Site "Bogota"]
[Date "2019.08.29"]
[Round "2"]
[White "Acosta Neira, Jaime"]
[Black "Azza, Johan Sebastian"]
[Result "0-1"]
[WhiteElo "1570"]
[BlackElo "1314"]
[PlyCount "124"]
[EventDate "2019.08.28"]
[EventType "swiss"]
[EventRounds "7"]
[EventCountry "COL"]
[SourceTitle "EXT 2020"]
[Source "ChessBase"]
[SourceDate "2019.10.17"]
[SourceVersion "1"]
[SourceVersionDate "2019.10.17"]
[SourceQuality "1"]

1. e4 d5 2. exd5 Qxd5 3. c4 Qa5 4. Nc3 c6 5. d4 Nf6 6. h3 Bf5 7. Nf3 e6 8. Bd3 Bxd3 9. Qxd3 Bb4 10. Bd2 Nbd7 11. 0-0 0-0 12. a3 Bxc3 13. Bxc3 Qc7 14. Rfe1 Rfe8 15. Re3 Rad8 16. Rae1 Nc5 17. Qc2 Ncd7 18. b4 h6 19. Qb3 Nf8 20. a4 a6 21. a5 Ng6 22. Ne5 Ne7 23. Nd3 Nf5 24. Re5 Nxd4 25. Bxd4 Rxd4 26. Nc5 Nd7 27. Nxd7 Qxd7 28. g3 Rd3 29. Qa4 Rd8 30. Kg2 Rd2 31. R5e4 Qd3 32. R1e3 Qc2 33. Qxc2 Rxc2 34. c5 Rdd2 35. Rf3 Rd1 36. Ref4 Rcc1 37. h4 Rg1+ 38. Kh3 h5 39. Rd3 Rgd1 40. Re3 Rd2 41. Re5 g6 42. g4 Rh1+ 43. Kg3 Rg1+ 44. Kh3 hxg4+ 45. Kh2 Rf1 46. Kg2 Rfd1 47. Rxg4 Rd4 48. Reg5 Rxg4+ 49. Rxg4 Rd5 50. Kg3 Kg7 51. Re4 Kf6 52. Rf4+ Rf5 53. Rd4 Rd5 54. Rf4+ Ke7 55. f3 f6 56. Rc4 e5 57. Rg4 Kf7 58. Kf2 Rd4 59. Re4 Ke6 60. Ke3 Kf5 61. Rxd4 exd4+ 62. Kxd4 Kf4 0-1

[Event "COL pre olympic sf2"]
[Site "Palmira"]
[Date "2019.06.01"]
[Round "6"]
[White "Leal, Dayana Vanessa"]
[Black "Azza, Johan Sebastian"]
[Result "1-0"]
[WhiteElo "1529"]
[BlackElo "1323"]
[PlyCount "69"]
[EventDate "2019.05.29"]
[EventType "swiss"]
[EventRounds "10"]
[EventCountry "COL"]
[SourceTitle "CBM 190 Extra"]
[Source "ChessBase"]
[SourceDate "2019.07.15"]
[SourceVersion "1"]
[SourceVersionDate "2019.07.15"]
[SourceQuality "1"]

1. d4 Nf6 2. c4 c5 3. d5 b5 4. cxb5 a6 5. bxa6 Bxa6 6. Nc3 g6 7. g3 Bg7 8. Bg2 d6 9. Nf3 0-0 10. 0-0 Nbd7 11. Qc2 Bb7 12. Rd1 Rb8 13. Rb1 Nb6 14. Ne1 Qd7 15. h3 Bc8 16. b3 Qc7 17. Kh2 Re8 18. Nb5 Qd7 19. a4 Ba6 20. Na3 Bb7 21. e4 e6 22. dxe6 Qxe6 23. Bf4 Bxe4 24. Bxe4 Qxe4 25. Rxd6 Qxc2 26. Nexc2 Ne4 27. Rc6 Rb7 28. Re1 Kf8 29. Nb5 Nd5 30. Nd6 Nxd6 31. Bxd6+ Ne7 32. Bxc5 Rxb3 33. Bxe7+ Kg8 34. Bb4 Rd8 35. a5 1-0

[Event "COL-chT Interligas"]
[Site "Palmira"]
[Date "2019.04.27"]
[Round "2.3"]
[White "Azza, Johan Sebastian"]
[Black "Quinones, Fernando"]
[Result "0-1"]
[WhiteElo "1351"]
[BlackElo "1724"]
[PlyCount "57"]
[EventDate "2019.04.27"]
[EventType "team-swiss"]
[EventRounds "6"]
[EventCountry "COL"]
[SourceTitle "CBM 190 Extra"]
[Source "ChessBase"]
[SourceDate "2019.07.15"]
[SourceVersion "1"]
[SourceVersionDate "2019.07.15"]
[SourceQuality "1"]
[WhiteTeam "Valle Talentos Palmira II"]
[BlackTeam "Valle Talentos Palmira"]
[WhiteTeamCountry "COL"]
[BlackTeamCountry "COL"]

1. d4 e6 2. c4 d5 3. Nf3 Nf6 4. Bg5 Be7 5. e3 0-0 6. Bd3 h6 7. Bh4 a6 8. 0-0 dxc4 9. Bxc4 b5 10. Bd3 Bb7 11. Nbd2 Nbd7 12. Rc1 Rc8 13. Re1 c5 14. Ne5 Nxe5 15. dxe5 Nd7 16. Bxe7 Qxe7 17. f4 Rfd8 18. Nf3 c4 19. Bb1 Nxe5 20. Qc2 Nxf3+ 21. gxf3 Rd3 22. Rcd1 Rcd8 23. b3 Bxf3 24. Rxd3 cxd3 25. Qd2 Be2 26. Rc1 Qd6 27. Rc3 Qd5 28. b4 Qf3 29. Bxd3 0-1

[Event "Cali Region-ch"]
[Site "Cali"]
[Date "2017.04.30"]
[Round "4"]
[White "Azza, Johan Sebastian"]
[Black "Ortiz, Jorge Adrian"]
[Result "0-1"]
[WhiteElo "1445"]
[BlackElo "1728"]
[PlyCount "80"]
[EventDate "2017.04.28"]
[EventType "swiss"]
[EventRounds "7"]
[EventCountry "COL"]
[SourceTitle "CBM 178 Extra"]
[Source "ChessBase"]
[SourceDate "2017.06.22"]
[SourceVersion "1"]
[SourceVersionDate "2017.06.22"]
[SourceQuality "1"]

1. e4 c5 2. Nf3 Nc6 3. d4 cxd4 4. Nxd4 e5 5. Nxc6 bxc6 6. c4 Nf6 7. Nc3 Bb4 8. Bd3 0-0 9. Bd2 d6 10. 0-0 Nd7 11. Qc2 Nc5 12. Be2 f5 13. Bf3 f4 14. a3 Bxc3 15. Bxc3 Ne6 16. Rad1 Qc7 17. b4 Ng5 18. Be2 f3 19. gxf3 Nxf3+ 20. Bxf3 Rxf3 21. Kh1 Bg4 22. Rg1 Rf4 23. Rdf1 Bf3+ 24. Rg2 Bxe4 25. Qd2 Raf8 26. Kg1 Bxg2 27. Kxg2 Rxc4 28. Kh1 d5 29. Rg1 d4 30. Bb2 c5 31. Qh6 Qb7+ 32. Rg2 Qxg2+ 33. Kxg2 gxh6 34. bxc5 Rxc5 35. a4 Rc2 36. Ba3 Rfxf2+ 37. Kh3 Rc3+ 38. Kg4 Rxa3 39. Kh5 Rg2 40. Kxh6 Rh3# 0-1

[Event "Cali Region-ch"]
[Site "Cali"]
[Date "2017.04.30"]
[Round "5"]
[White "Ruales, Nilson"]
[Black "Azza, Johan Sebastian"]
[Result "0-1"]
[WhiteElo "1600"]
[BlackElo "1445"]
[PlyCount "45"]
[EventDate "2017.04.28"]
[EventType "swiss"]
[EventRounds "7"]
[EventCountry "COL"]
[SourceTitle "CBM 178 Extra"]
[Source "ChessBase"]
[SourceDate "2017.06.22"]
[SourceVersion "1"]
[SourceVersionDate "2017.06.22"]
[SourceQuality "1"]

1. e4 e5 2. Nf3 Nc6 3. Bc4 Bc5 4. 0-0 Nf6 5. d3 0-0 6. Nc3 h6 7. Na4 Bb6 8. Nxb6 axb6 9. a3 d6 10. Re1 Bg4 11. h3 Bh5 12. g4 Bg6 13. g5 hxg5 14. Bxg5 Bh5 15. c3 Na5 16. Ba2 c5 17. Kg2 b5 18. d4 Nc6 19. dxc5 dxc5 20. Qxd8 Raxd8 21. Rg1 Rd3 22. Ne1 Rd6 23. f3 0-1

[Event "Cali Region-ch"]
[Site "Cali"]
[Date "2017.04.28"]
[Round "1"]
[White "Azza, Johan Sebastian"]
[Black "Wagner, Alejandro"]
[Result "0-1"]
[WhiteElo "1445"]
[BlackElo "1772"]
[PlyCount "68"]
[EventDate "2017.04.28"]
[EventType "swiss"]
[EventRounds "7"]
[EventCountry "COL"]
[SourceTitle "CBM 178 Extra"]
[Source "ChessBase"]
[SourceDate "2017.06.22"]
[SourceVersion "1"]
[SourceVersionDate "2017.06.22"]
[SourceQuality "1"]

1. e4 g6 2. Nf3 Bg7 3. Bc4 d6 4. Nc3 a6 5. 0-0 Nd7 6. d3 e6 7. Bd2 Ne7 8. Re1 0-0 9. d4 b5 10. Bb3 c5 11. dxc5 dxc5 12. a3 Qc7 13. Re2 Bb7 14. Qf1 Nc6 15. Rae1 Nd4 16. Nxd4 cxd4 17. Nd1 Nc5 18. f3 a5 19. Nf2 Rac8 20. Ng4 d3 21. Re3 Bd4 22. Qf2 Nxb3 23. cxb3 f5 24. exf5 exf5 25. Nh6+ Kh8 26. Re8 Bxf2+ 27. Kxf2 Rfxe8 28. Rxe8+ Rxe8 29. Bc3+ Qxc3 30. bxc3 d2 31. Nf7+ Kg7 32. Nd6 Re7 33. Nxb5 d1Q 34. c4 Qe1# 0-1